000 01459nam2a2200277 4500
001 RU\NLR\BIBL_A\011367157
005 20250626053233.0
010 _a978-5-00101-016-6
_bт. 3
021 _aRU
_b2017-18139
_91336
035 _a(NLR Aleph) 011367157
090 _a11330616
_c11330616
100 _a20170413d2017 |||y0rusy50 ca
101 0 _arus
_ceng
102 _aRU
105 _aa j 001zy
200 1 _aПути передачи информации
210 _d2017
_aБ. м.
215 _a444 с.
_cил., портр., цв. ил.
320 _aПредм.-имен. указ.: с. 389-436
461 0 _1001RU\NLR\BIBL_A\011268372
_12001#$aОсновы биохимии Ленинджера$eв 3 т.$fД. Нельсон, М. Кокс$gпер. с англ. к.х.н. Т.П. Мосоловой [и др.]$gпод ред. акад. РАН А.А. Богданова и чл.-кор. РАН С.Н. Кочеткова$v[Т.] 3
_1700#1$aНельсон$bД. Л.$gДэвид Л
_910806848
_aНельсон, Д. Л.
_cМосква
_d2016
_eИзд. 3-е, испр.
_fД. Нельсон, М. Кокс
_nЛаборатория знаний
_oв 3 т.
_tОсновы биохимии Ленинджера
_y9785001010135
_v[Т.] 3
606 1 _aГенетическая информация
_jУчебные издания
_91235818
_3RU\NLR\AUTH\66186743
686 1 _aЕ041.12я7
942 _cBOOK
980 _aNB